Global Innovation Strategics (Record no. 3)

MARC details
000 -LEADER
fixed length control field 00385nam a22001577a 4500
005 - DATE AND TIME OF LATEST TRANSACTION
control field 20160426102216.0
008 - FIXED-LENGTH DATA ELEMENTS--GENERAL INFORMATION
fixed length control field 160426b xxu||||| |||| 00| 0 eng d
020 ## - INTERNATIONAL STANDARD BOOK NUMBER
ISBN 0-07-463652-9
041 ## - LANGUAGE CODE
Language code of text/sound track or separate title eng
082 ## - DEWEY DECIMAL CLASSIFICATION NUMBER
Item number 00001
100 ## - MAIN ENTRY--AUTHOR NAME
Personal name Purkayastha, S
245 ## - TITLE STATEMENT
Title Global Innovation Strategics
260 ## - PUBLICATION, DISTRIBUTION, ETC. (IMPRINT)
Place of publication New Delhi
Name of publisher Tata Mc-Graw Hill Publi. Co Ltd
Year of publication 2000
300 ## - PHYSICAL DESCRIPTION
Number of Pages 194
942 ## - ADDED ENTRY ELEMENTS (KOHA)
Koha item type Books
Holdings
Lost status Damaged status Collection code Home library Current library Shelving location Date acquired Full call number Accession Number Koha item type Source of acquisition
    MANAGEMENT JRU Library JRU Library SHELF-70 G 26/04/2016 00001 00001 Books  
    MANAGEMENT JRU Library JRU Library SHELF-70 G 26/04/2016 00001 00002 Books  
    MANAGEMENT JRU Library JRU Library SHELF-70 G 26/04/2016 00001 00003 Books PURCHASE
    MANAGEMENT JRU Library JRU Library SHELF- 68 N 26/04/2016 00001 00004 Books  
    MANAGEMENT JRU Library JRU Library SHELF-70 G 26/04/2016 00001 00005 Books